| 000 | 00817nam a2200253 i 4500 | ||
|---|---|---|---|
| 003 | DO-SdBNP | ||
| 005 | 20240403095854.0 | ||
| 007 | ta | ||
| 008 | 240403s2010 dr c 000 j spa d | ||
| 020 | _a9789945421910 | ||
| 040 |
_aDO-SdBNP _bspa _cBNPHU _erda |
||
| 082 |
_bM425 _222 |
||
| 100 |
_aMateo Martínez, Nemesio, _d1922-2009 _925652 |
||
| 245 | 1 | 3 |
_aEl padre Juan Puigvert : _bperfil de un patriota / _cNemesio Mateo Martínez |
| 264 | 1 |
_aSanto Domingo : _bAmigo del Hogar, _c2010. |
|
| 300 |
_a51 páginas, _bretratos _c22 cm. |
||
| 336 |
_2rdacontent _atexto _btxt |
||
| 337 |
_2rdamedia _asin mediación _bn |
||
| 338 |
_2rdacarrier _avolumen _bnc |
||
| 500 | _aIncluye datos biografícos del autor en la contraportada. | ||
| 590 | _aInventariado, 2024/ YL | ||
| 910 | _aYLockward | ||
| 942 |
_2ddc _cLF2 |
||
| 999 |
_c56224 _d56224 |
||